LEADER 01377nam a2200277 u 4500 001 000000119283 003 CaOOAMICUS 005 20100118143727.0 008 100118t2008 gw ao u000 u ger u 020 $a978-3-16-149601-1 040 $aPUL$bita$dReb 245 00$aHermeneutik der Gleichnisse Jesu :$bmethodische Neuansätze zum Verstehen urchristlicher Parabeltexte /$chrsg. von Ruben Zimmermann ; unter Mitarbeit von Gabi Kern. 260 $aTübingen :$bMohr Siebeck,$c©2008. 300 $axii, 688 p. ;$c24 cm 490 1 $aWissenschaftliche Untersuchungen zum Neuen Testament ;$v231 504 $aBibliografia in nota. 650 4$aErmeneutica biblica.$0(OLS)http://pul/subject/33239 700 1 $aKern, Gabi.$0(OLS)http://pul/name/53139 700 1 $aZimmermann, Ruben.$0(OLS)http://pul/name/49214 830 0$aWissenschaftliche Untersuchungen zum Neuen Testament ;$v231.$0(OLS)http://pul/title/8628 850 $aPUL 852 $aPUL$W1$xSL Religione 1$y3$m16 H 231$j136882$qStampati$B135904$CPULBib$Z2$F135904 $H112228 $82 941 1 $a8 996 $6020$a978-3-16-149601-1$9(OLS)http://pul/number/143007 996 $6245$aHermeneutik der Gleichnisse Jesu :$bmethodische Neuansätze zum Verstehen urchristlicher Parabeltexte$9(OLS)http://pul/title/150097 996 $6260$aTübingen :$bMohr Siebeck$9(OLS)http://pul/publisher/52004 LEADER 01258nam a2200265 u 4500 001 000000105867 003 CaOOAMICUS 005 20070627144237.0 008 070627s2005 it u000 u ita u 020 $a88-243-1583-6 040 $aPUL$bita$dLDB 100 1 $aSperandio, Marco Urbano.$0(OLS)http://pul/name/65028 245 10$aCodex Gregorianus origini e vicende /$cMarco Urbano Sperandio. 260 $aNapoli :$bJovene,$c2005. 300 $a427 p. ;$c26 cm 490 1 $aPubblicazioni dell'Istituto di diritto romano e dei diritti dell'Oriente mediterraneo ;$v80 504 $aBibliografia in nota. 630 04$aCodex Gregorianus.$0(OLS)http://pul/subject/13752 830 0$aPubblicazioni dell'istituto di diritto romano e dei diritti dell'Oriente Mediterraneo (Università degli studi di Roma "La Sapienza") ;$v80.$0(OLS)http://pul/title/6699 850 $aPUL 852 $aPUL$W1$xSL Diritto e Scienze Sociali 3$y79$m348. 37 SPEMA 1$j120337$qDDC 21$B118711$CPULBib$Z2$F118711 $H104160 $82 941 1 $a9 996 $6020$a88-243-1583-6$9(OLS)http://pul/number/135041 996 $6245$aCodex Gregorianus origini e vicende$9(OLS)http://pul/title/133276 996 $6260$aNapoli :$bJovene$9(OLS)http://pul/publisher/47845